000
00332nam a2200157Ia 4500
100
_a
Kendall/M.G/ Stuart/A
490
_v
II
942
_c
BK
654
_a
statistics
245
_a
Advanced theory of Statistics
260
_b
Griffin
_a
London
_c
1967
082
_a
519.5
_b
KEN
300
_a
690
546
_a
ENGLISH
999
_c
33989
_d
33989